| 000 | 00890nam a2200277 i 4500 | ||
|---|---|---|---|
| 001 | 184736 | ||
| 003 | ES-MaACL | ||
| 005 | 20250603170634.0 | ||
| 008 | 151120s2015 sp ao |||| | spa d | ||
| 020 | _a978-84-9095-996-1 | ||
| 080 | _a308(460)"19/20" | ||
| 100 | 1 |
_aPeral Viana, Jesús. _9158199 |
|
| 245 | 1 | 3 |
_aEl precio del progreso / _cJesús Peral Viana. |
| 250 | _a1ª ed. | ||
| 260 |
_a[El Ejido] : _bCírculo Rojo, _c2015. |
||
| 300 |
_a509 p. : _bil. ; _c23 cm. |
||
| 490 | 1 | _aRelatos | |
| 650 | 0 | 4 |
_aEspañoles- _xPsicología. _912477 |
| 651 |
_aEspaña- _xSituación social- _y1975-1982. _98507 |
||
| 651 | 4 |
_aEspaña- _xSituación social- _yS.XX _98514 |
|
| 651 | 4 |
_aEspaña- _xUsos y costumbres- _yS.XX _98526 |
|
| 830 | 0 |
_aRelatos _9225123 |
|
| 852 |
_aES-MaACL _jA-13641 _9 191747 _bR.150899 _cDEPO1 _dOlim: N-6641 |
||
| 942 | _2udc | ||
| 999 |
_c184736 _d184736 |
||